La escolaridad básica como derecho humano en México.

Gespeichert in:
Bibliographische Detailangaben
1. Verfasser: Alvarez Mendiola, Germán (autor)
Format: Buch
Sprache:Spanisch
Schlagworte:
Online-Zugang:Ver documento en línea
Tags: Tag hinzufügen
Keine Tags, Fügen Sie das erste Tag hinzu!

MARC

LEADER 00000nam^a2200000^u^4500
001 000533966
005 20260414000000.0
008 160122s10001000^^^^cr^^r^^^^^000^0^spa^d
009 20260414194926.209
035 |a FCE 000078214 
037 |a Acervo ITESO - Biblioteca 
041 |a spa 
095 |a RLEE  |b 2015-4-191 
100 |a Alvarez Mendiola, Germán  |e (autor) 
245 1 4 |a La escolaridad básica como derecho humano en México. 
264 |a México :  |b Centro de Estudios Educativos,  |c 2015. 
336 |a texto  |b txt  |2 rdacontenido 
337 |a sin mediación  |b n  |2 rdamedio 
338 |a volumen  |b nc  |2 rdasoporte 
649 |a XX 
650 |a Acceso a la educación 
650 |a Educación básica 
650 |a Derechos humanos 
650 |a Política pública 
650 |a México 
740 |g Vol. 45, no.4, 2015, pp. 191-214  |t Revista Latinoamericana de Estudios Educativos. Construcción Ciudadana de lo Público, 
856 4 0 |u https://www.cee.edu.mx/rlee/revista/r2011_2020/r_texto/t_2015_4_07.pdf  |y Ver documento en línea 
910 |a Fondo Centro de Estudios Educativos 
920 |a Impresos - Libros 
930 |a Fondos Especiales 
905 |a 133 
902 |a https://opac.biblio.iteso.mx/vufind/Record/000533966